| 000 | 00380nam a2200133Ia 4500 | ||
|---|---|---|---|
| 008 | 210210b2006 xxu||||| |||| 00| 0 eng d | ||
| 082 | _a519.5 RAJB | ||
| 100 | _aRAJ (Dorai S N). | ||
| 245 | _aBusiness statistics and mathematics II: for I BCom II semester. | ||
| 260 |
_aMangalore _bUnited Publishers _c2006 |
||
| 300 | _a342 | ||
| 690 | _aBusiness Statistics | ||
| 906 | _a061749 | ||
| 999 |
_c108357 _d108357 |
||